Ancient Rome - Statistics

General Stats
  • This quiz has been taken 10 times
  • The average score is 12 of 15
Answer Stats
Hint Answer % Correct
Who was the first roman emperor? Augustus
100%
Which Egyptian queen was defeated, and likely had a child with the above? Cleopatra
100%
What wars did Rome fight against Carthage in the republic era? Punic wars
100%
Who were the two brothers who founded Rome? romulus and remus
100%
What title did Caesar declare himself as shortly before being assassinated? Dictator
86%
Which emperor build a wall between England and Caledonia? Hadrian
86%
Who was the emperor at the peak of the eastern Roman Empire? Justinian
86%
Which empire would end the Roman Empire after the siege of Constantinople? The Ottoman Empire
86%
Who was the roman emperor when the empire was at its peak? Trajan
86%
Who was the first roman emperor who converted to Christianity, and named a new capital after him? Constantine the Great
71%
Who was the roman general who conquered gaul? (Full name) Gaius Julius Caesar
71%
Which roman emperor would make christianity the official religion of the empire? Theodosius
71%
On which river was Rome founded on? Tiber river
71%
Who was the last roman emperor in the west? Romulus Augustulus
57%
When was the roman civil war era? 44BC-27BC
29%
No matching quizzes found
Score Distribution
Percent of People with Each Score
Percentile by Number Answered
Your Score History
You have not taken this quiz